Normal view
MARC view
Entry Personal Name
001 - CONTROL NUMBER
- control field: 37335
003 - CONTROL NUMBER IDENTIFIER
- control field: OSt
005 - DATE AND TIME OF LATEST TRANSACTION
- control field: 20230405151418.0
008 - FIXED-LENGTH DATA ELEMENTS
- fixed length control field: 230405|| aca||aabn | a|a d
040 ## - CATALOGING SOURCE
- Original cataloging agency: OSt
- Transcribing agency: OSt
100 ## - HEADING--PERSONAL NAME
- Personal name: Bolotnyy, V., basilica, M. and Barreira, P.
670 ## - SOURCE DATA FOUND
- Source citation: Work cat.: (OSt)521622: Bolotnyy, V., basilica, M. and Barreira, P. , Graduate student mental health: Lessons from American economics departments
